A szlávok földvárairól

Elmentve itt :
Bibliográfiai részletek
Szerző: Simonyi Dezső
Dokumentumtípus: Cikk
Megjelent: Magyar Történelmi Társulat Budapest 1940
Sorozat:Századok : a Magyar Történelmi Társulat közlönye
Kulcsszavak:Régészet - leletek - szlávok, Szlávok története
Tárgyszavak:
Online Access:http://misc.bibl.u-szeged.hu/61279
LEADER 00869nab a2200241 i 4500
001 misc61279
005 20240923083624.0
008 240227s1940 hu o 000 hun d
022 |a 0039-8098 
040 |a SZTE Miscellanea Repozitórium  |b hun 
041 |a hun 
100 1 |a Simonyi Dezső 
245 1 2 |a A szlávok földvárairól  |h [elektronikus dokumentum] /  |c  Simonyi Dezső 
260 |a Magyar Történelmi Társulat  |b Budapest  |c 1940 
300 |a 262-277  |c 23 cm 
300 |a [11] p.  |c 23 cm 
490 0 |a Századok : a Magyar Történelmi Társulat közlönye 
561 |a Németh Gyula hagyaték 
591 |a NOV 5585 
650 4 |a Bölcsészettudományok 
650 4 |a Történettudomány és régészet 
695 |a Régészet - leletek - szlávok, Szlávok története 
856 4 0 |u http://misc.bibl.u-szeged.hu/61279/1/5585_nov.pdf  |z Dokumentum-elérés